000 00203nam a22001097a 4500
999 _c65213
_d65210
082 _a297.925SAI
100 _aSaid
245 _aPersonalities Nobles
260 _akarachi
300 _a59p
942 _cBK